000 00501nam a2200205Ia 4500
003 OSt
005 20220928142356.0
006 a|||||r|||| 00| 0
007 ta
008 220927b |||||||| |||| 00| 0 eng d
024 _a19395
037 _cTextual
040 _aSDCL
_cSDCL
_beng
041 _2eng
_aeng
082 _aX:89Kp2,N71, L2
245 0 _aMARKET TOWNS and spatial development
260 _c1972
942 _hX:89Kp2,N71, L2
_cTEXL
_2CC
999 _c821576
_d821576